000 00901nas a2200289 4500
001 BR0603598
003 BR-BrBNA
005 20231205110253.0
007 ta
008 230509b bl.|||p| |||| 00| 00por d
040 _aBR-BrBNA
_bpor
_cBiblioteca Nacional de Agricultura
041 _a(Pt)
072 _aH10
100 1 _aMendes, P.C.D.
100 1 _aAmbrosano, E.J.
100 1 _aGuirado, N.
100 1 _aArévalo, R.A.
245 1 _aUtilização de defensivos alternativos no controle de Enneothrips flavens (Thysanoptera: Thripidae)na cultura do amendoim
650 _aAMENDOIM
650 _aENNEOTHRIPS FLAVENS
650 _aTRIPS
650 _aAGRICULTURA ORGÂNICA
650 _aCONTROLE QUÍMICO
773 0 _tRevista de Agricultura (Brazil)
_xISSN 0034-7655
_g(Dec 2004), v. 79(3) p. 346-348
_wBR0603598
909 _a202311
_bLúcia
_c55
_dLúcia Elande
942 _2AGRIS
_n0
_cANA
999 _c186762
_d186762